| 000 | 01119cam a22003137a 4500 | ||
|---|---|---|---|
| 003 | CHAP | ||
| 005 | 20220329141258.0 | ||
| 008 | 050728s1986 us r 00010 eng d | ||
| 010 | _a65657 | ||
| 011 | _a66629 | ||
| 020 | _a0721665802 | ||
| 035 | _a75105 | ||
| 040 | _cCHAP | ||
| 082 |
_a636.0896 _bM67 |
||
| 100 | 0 | 0 |
_aMorrow, David A. _978927 |
| 245 | 0 |
_aCurrent therapy in theriogenology 2 _b: diagnosis, treatment and prevention of reproductive diseases in small and large animals _c/by David A. Morrow |
|
| 260 |
_aPhilaldephia : _bSaunders, _c1986. |
||
| 300 |
_a1143 p. _b: ilus |
||
| 590 |
_aBATCH-UPD _b10 _c20130110 _lUCH01 _h0813 |
||
| 590 |
_aBATCH-UPD _b10 _c20130410 _lUCH01 _h0450 |
||
| 590 |
_aBATCH-UPD _b10 _c20130914 _lUCH01 _h1831 |
||
| 590 |
_aCONVERSION _b10 _c20130109 _lUCH01 _h1336 |
||
| 650 | 1 | 4 |
_aObstetricia veterinaria. _982589 |
| 650 | 1 | 4 |
_aPatologĂa veterinaria. _986194 |
| 901 | _aBK | ||
| 942 | _cLIBRO | ||
| 949 |
_a636.0896 M6 1986 _bZ _cLIBRO _d-8039 _eLIBRO _gI.150718 _h1223 _i75105 _si |
||
| 949 |
_a636.0896 M67 _bBC _cLIBRO _d33724000975371 _eLIBRO _gI.00224360 _h106286 _i75105 _si _t$1.933.00 |
||
| 999 |
_c65657 _d65657 |
||